00725nam a2200205 a 450000100100000000500170001000800410002702000180006804000250008604100200011110000330013124500400016426000450020430000320024954600460028170000240032771000460035195201050039799900170050200004245120201002040151.0131203s2009 sp a 000 0 spa d a9788492632053 aDO-SdBNPbspacBNPHU17aspabenghalem.1 aJerez, Concha,d1941-96961310aArgot /cConcha Jerez, José Iges. a[Madrid?] :bInstituto Cervantes,c2009. av. :bil. ;c28 cm. + 1 CD. aTextos en español, inglés, y alemán1 aIges, José9696142 aCentro Atlántico de Arte Moderno969615 001050718MOaGRbGRcCTd2013-12-03iLF1l0o p42451-10r2020-06-25w2020-06-25y1ZNo se presta c41940d41940